| 000 | 00829nam a22002297a 4500 | ||
|---|---|---|---|
| 003 | 0 | ||
| 005 | 20251104125735.0 | ||
| 008 | 251104b xxu||||| |||| 00| 0 eng d | ||
| 020 | _a978-1-78816-154-1 | ||
| 050 |
_aHD 57.7 _b.S56 2019 |
||
| 100 |
_aSingh, Arun, _eauthor. |
||
| 245 |
_aHow to lead smart people : _bleadership for professionals / _cArun Singh and Mike Mister. |
||
| 260 |
_aLondon : _bProfile Books Ltd, _c2019. |
||
| 300 |
_axv, 235 pages ; _c19 cm. |
||
| 504 | _aIncludes bibliographical references and index. | ||
| 520 | _aA guide for managers and leaders on how to motivate, communicate with, and lead highly skilled professionals and experts effectively. | ||
| 650 | _aLeadership. | ||
| 650 | _aManagement. | ||
| 650 |
_aExecutives _xPsychology. |
||
| 700 |
_aMister, Mike, _eauthor. |
||
| 942 |
_2lcc _cBK |
||
| 999 |
_c368454 _d368454 |
||